Regionalliga Nordost Teams 2025/26 - Statistiken

Allgemein
  • Dieses Quiz wurde 138 mal gespielt
  • Das Durchschnittsergebnis liegt bei 14 aus 18
Antwortstatistiken
Gründung Team % Korrekt
1896 1.FC Lok Leipzig
91%
1950 BSG Chemie Leipzig
91%
1903 FC Carl Zeiss Jena
91%
1966 Hallescher FC
91%
1966 Rot-Weiß Erfurt
91%
1912 FSV Zwickau
84%
1966 Chemnitzer FC
81%
1966 BFC Dynamo Berlin
80%
2015 Greifswalder FC
79%
1948 ZFC Meuselwitz
77%
1894 BFC Preußen Berlin
73%
1892 Hertha BSC Berlin II
73%
1903 SV Babelsberg 03
73%
1965 1.FC Magdeburg II
72%
1912 FC Eilenburg
72%
1883 VSG Altglienicke
69%
1963 FSV Luckenwalde
68%
1903 FC Hertha 03 Zehlendorf
65%
Keine übereinstimmenden Quizze gefunden
Verteilung der Resultate
Anzahl Personen mit jedem Resultat
Perzentil nach korrekt beantworteten Fragen
Ihre Resultats-Entwicklung
Sie haben dieses Quiz noch nicht gespielt